00544 2200205 4500001002100000005001700021008004100038035002400079082000800103090001600111245005900127260002200186300002600208500002700234650002900261850001200290980001500302985000600317999001500323YOGYA-0209000005910920090227034612.0 ind  0010-020900000059109 a500 a500bPenlT aPENYELESAIAN soal-soal ilmu alam Widagdo Mangun Wijoto a[s.l]bESGc[s.a] a...jilidbilusc21 cm aYang diterima : jil. 4 aSains - ujian, Soal, dsb aYOPDYOG a01-08-2008 a1 ab000012472